000
00296nam a2200109Ia 4500
008
230907s9999||||xx |||||||||||||| ||und||
082
_a
658.26
_b
BHA
100
_a
Bhattacharjee, Kaushik,
_9
115794
245
0
_a
Industrial energy management strategies :
300
_a
xii, 294 pages :
942
_c
BK
999
_c
599565
_d
599565